<?xml version="1.0" encoding="UTF-8"?>
<record
    xmlns:xsi="http://www.w3.org/2001/XMLSchema-instance"
    xsi:schemaLocation="http://www.loc.gov/MARC21/slim http://www.loc.gov/standards/marcxml/schema/MARC21slim.xsd"
    xmlns="http://www.loc.gov/MARC21/slim">

  <leader>03325nam a2200349Ia 4500</leader>
  <controlfield tag="001">Z_6783</controlfield>
  <controlfield tag="003">CHAP</controlfield>
  <controlfield tag="008">220113s2015    xx            000 0 und d</controlfield>
  <datafield tag="010" ind1=" " ind2=" ">
    <subfield code="a">170061</subfield>
  </datafield>
  <datafield tag="040" ind1=" " ind2=" ">
    <subfield code="c">CHAP</subfield>
  </datafield>
  <datafield tag="082" ind1=" " ind2=" ">
    <subfield code="a">615.532 F67</subfield>
  </datafield>
  <datafield tag="111" ind1=" " ind2=" ">
    <subfield code="a">Foro Interinstitucional homeopat&#xED;a y modernidad. (11: 2015: Chapingo, M&#xE9;x.)</subfield>
    <subfield code="9">145933</subfield>
  </datafield>
  <datafield tag="245" ind1=" " ind2=" ">
    <subfield code="a">Memoria XII Foro Interinstitucional homeopat&#xED;a y modernidad  /</subfield>
    <subfield code="c">coordinadores Felipe de Jes&#xFA;s Ruiz Espinoza y Deneb Camacho Morf&#xED;n</subfield>
  </datafield>
  <datafield tag="260" ind1=" " ind2=" ">
    <subfield code="a">Chapingo, M&#xE9;xico  :</subfield>
    <subfield code="b">Universidad Aut&#xF3;noma Chapingo,</subfield>
    <subfield code="c">2015</subfield>
  </datafield>
  <datafield tag="300" ind1=" " ind2=" ">
    <subfield code="a">115 p.</subfield>
  </datafield>
  <datafield tag="503" ind1=" " ind2=" ">
    <subfield code="a">ej.1: donaci&#xF3;n \ ej.2: donaci&#xF3;n \ ej.3: donaci&#xF3;n</subfield>
  </datafield>
  <datafield tag="504" ind1=" " ind2=" ">
    <subfield code="a">Incluye bibliograf&#xED;a</subfield>
  </datafield>
  <datafield tag="505" ind1=" " ind2=" ">
    <subfield code="a">Atenci&#xF3;n de urgencias en veterinaria con homeopat&#xED;a / Francisco Ni&#xF1;o Murcia . -- Situaci&#xF3;n de la homeopat&#xED;a veterinaria en M&#xE9;xico en 2015 / . -- Nosode en el manejo de roya anaranjada del caf&#xE9; Hemileia vastatrix, en Huatusco Veracru / Sandra Ramos Reyes...[et al.] . -- La agrohomeopat&#xED;a como alternativa asequible a la crisis de la cafeticultura en Chiapas, M&#xE9;xico / Juana Cruz Morales, Sergio A. Zapata Dom&#xED;nguez y Felipe de Jes&#xFA;s Ruiz Espinoza . -- Disminuci&#xF3;n de la poblaci&#xF3;n de picudo Anthonomus eugenii en plantas de Capsicum annuum con homeop&#xE1;ticos / Sabino Honorio Mart&#xED;nez Tom&#xE1;s...[et al.] . -- Reflecciones del avance de la homeopat&#xED;a contra plagas agr&#xED;colas / Ces&#xE1;reo Rodr&#xED;guez Hern&#xE1;ndez . -- Manejo del hongo letal (Ustulina Deusta) en naranja valencia tard&#xED;a con preparados homeop&#xE1;ticos, inductores de resistencia y microorganismos ben&#xE9;ficos en el ejido de San Pablo, Veracruz / Manuel &#xC1;ngel G&#xF3;mez...[et al.] . -- Enraizamiento de estacas de albahaca, tratada con cinco medicamentos homeop&#xE1;ticos en agua y sustrato / Jorge Luis S&#xE1;nche S&#xE1;nchez , Pedro Rubiera Guzm&#xE1;n y Felipe de Jes&#xFA;s Espinoza Ruiz . -- Siembra de ceboll&#xED;n (Allium schoenoprasum) org&#xE1;nico, en cajas de plastico, de las utilizadas en le embarque de aguacate / Jorge Luis S&#xE1;nche S&#xE1;nchez, Pedro Rubiera Guzm&#xE1;n y Felipe de Jes&#xFA;s Ruiz Espinoza . -- Agricultura urbana, universidad y agrohomeopat&#xED;a / Jorge Luis S&#xE1;nche S&#xE1;nchez, Pedro Rubiera Guzm&#xE1;n y Felipe de Jes&#xFA;s Ruiz Espinoza . -- Agrohomeopat&#xED;a conocimiento cient&#xED;fico paa la conservaci&#xF3;n de la vida / Felipe de Jes&#xFA;s Ruiz Espinoza . -- El uso de jugo de s&#xE1;bila (Aloe barbadensis millier) como estimulante del desarrollo de la bolsa de fabricaci&#xF3;n en pollos de engorda / Jos&#xE9; Luis Cruz L&#xF3;pez...[et al] . -- Determinaci&#xF3;n del porcentaje de germinaci&#xF3;n en semillas de sotol (Dasylirion Cedrosanum Trel.) de diferente a&#xF1;o de cosecha en diferentes sustratos en condiciones de invernadero / Gerardo Rivas Medina...[et al.] . -- Efectos de las microondas en la germinaci&#xF3;n de trigo (Triticum aestivum) / Felipe de Jes&#xFA;s Ruiz Espinoza...[et al.]</subfield>
  </datafield>
  <datafield tag="650" ind1=" " ind2=" ">
    <subfield code="a">Agricultura alternativa </subfield>
    <subfield code="x"></subfield>
    <subfield code="x"> Congresos</subfield>
    <subfield code="9">145934</subfield>
  </datafield>
  <datafield tag="650" ind1=" " ind2=" ">
    <subfield code="a">Agrohomeopat&#xED;a</subfield>
    <subfield code="9">145935</subfield>
  </datafield>
  <datafield tag="650" ind1=" " ind2=" ">
    <subfield code="a">Homeopat&#xED;a</subfield>
    <subfield code="9">56056</subfield>
  </datafield>
  <datafield tag="650" ind1=" " ind2=" ">
    <subfield code="a">Homeopat&#xED;a </subfield>
    <subfield code="x"></subfield>
    <subfield code="x"> Investigaci&#xF3;n </subfield>
    <subfield code="x"></subfield>
    <subfield code="x"> Congresos</subfield>
    <subfield code="9">145936</subfield>
  </datafield>
  <datafield tag="650" ind1=" " ind2=" ">
    <subfield code="a">Medicina veterinaria </subfield>
    <subfield code="x"></subfield>
    <subfield code="x"> Congresos</subfield>
    <subfield code="9">145937</subfield>
  </datafield>
  <datafield tag="700" ind1=" " ind2=" ">
    <subfield code="a"> Camacho Morf&#xED;n, Deneb, coord.</subfield>
    <subfield code="9">145938</subfield>
  </datafield>
  <datafield tag="700" ind1=" " ind2=" ">
    <subfield code="a">Ruiz Espinoza, Felipe de Jes&#xFA;s, coord. </subfield>
    <subfield code="9">145939</subfield>
  </datafield>
  <datafield tag="901" ind1=" " ind2=" ">
    <subfield code="a">615.532 F67</subfield>
  </datafield>
  <datafield tag="902" ind1=" " ind2=" ">
    <subfield code="a">M</subfield>
  </datafield>
  <datafield tag="910" ind1=" " ind2=" ">
    <subfield code="a">2015</subfield>
  </datafield>
  <datafield tag="942" ind1=" " ind2=" ">
    <subfield code="c">1</subfield>
  </datafield>
  <datafield tag="942" ind1=" " ind2=" ">
    <subfield code="c">c1</subfield>
  </datafield>
  <datafield tag="999" ind1=" " ind2=" ">
    <subfield code="c">170061</subfield>
    <subfield code="d">170061</subfield>
  </datafield>
  <datafield tag="952" ind1=" " ind2=" ">
    <subfield code="0">0</subfield>
    <subfield code="1">0</subfield>
    <subfield code="2">ddc</subfield>
    <subfield code="4">0</subfield>
    <subfield code="7">0</subfield>
    <subfield code="8">GRAL</subfield>
    <subfield code="a">Z</subfield>
    <subfield code="b">Z</subfield>
    <subfield code="c">1</subfield>
    <subfield code="d">2016-11-17</subfield>
    <subfield code="p">z_6705</subfield>
    <subfield code="r">2022-01-18 00:00:00</subfield>
    <subfield code="t">1</subfield>
    <subfield code="w">2022-01-18</subfield>
    <subfield code="y">LIBRO</subfield>
  </datafield>
  <datafield tag="952" ind1=" " ind2=" ">
    <subfield code="0">0</subfield>
    <subfield code="1">0</subfield>
    <subfield code="2">ddc</subfield>
    <subfield code="4">0</subfield>
    <subfield code="7">0</subfield>
    <subfield code="8">GRAL</subfield>
    <subfield code="a">Z</subfield>
    <subfield code="b">Z</subfield>
    <subfield code="c">1</subfield>
    <subfield code="d">2016-11-17</subfield>
    <subfield code="p">z_6706</subfield>
    <subfield code="r">2022-01-18 00:00:00</subfield>
    <subfield code="t">2</subfield>
    <subfield code="w">2022-01-18</subfield>
    <subfield code="y">LIBRO</subfield>
  </datafield>
  <datafield tag="952" ind1=" " ind2=" ">
    <subfield code="0">0</subfield>
    <subfield code="1">0</subfield>
    <subfield code="2">ddc</subfield>
    <subfield code="4">0</subfield>
    <subfield code="7">0</subfield>
    <subfield code="8">GRAL</subfield>
    <subfield code="a">Z</subfield>
    <subfield code="b">Z</subfield>
    <subfield code="c">1</subfield>
    <subfield code="d">2016-11-17</subfield>
    <subfield code="p">z_6707</subfield>
    <subfield code="r">2022-01-18 00:00:00</subfield>
    <subfield code="t">3</subfield>
    <subfield code="w">2022-01-18</subfield>
    <subfield code="y">LIBRO</subfield>
  </datafield>
</record>
